[Event "III Perla Baltyku A"]
[Site "Mielno POL"]
[Date "2007.06.20"]
[Round "4"]
[White "Hnydiuk,A"]
[Black "Markiewicz,Ja"]
[Result "1/2-1/2"]
[WhiteElo "2377"]
[BlackElo "2307"]

1.e4 c5 2.Nf3 Nc6 3.Bb5 g6 4.O-O Bg7 5.Nc3 Nf6 6.e5 Ng4 7.Bxc6 dxc6 8.Re1 h5
9.d3 O-O 10.Bf4 Nh6 11.Ne4 b6 12.Qd2 Nf5 13.h3 Nd4 14.Nxd4 Qxd4 15.Nc3 Kh7
16.Re4 Qd8 17.Rae1 Bf5 18.R4e2 Qd4 19.b3 Qd7 20.Ne4 Bxe4 21.Rxe4 Qd5 22.a4 a5
23.R4e2 Qe6 24.Qc3 Rfd8 25.Re4 Rd5 26.Qc4 Rb8 27.Bh2 Rd7 28.Qxe6 fxe6 29.h4 Rd4
30.Kf1 Rbd8 31.f4 Kg8 32.Bg1 R4d5 33.Ke2 Kf7 34.Rd1 Bh6 35.Be3 Ke8 36.Rg1 Kf7
37.Rd1 Ke8 38.Rd2 Kf7 39.g3 Bg7 40.c4 R5d7 41.d4 cxd4 42.Rexd4 Rxd4 43.Rxd4 Rxd4
44.Bxd4 c5 45.Be3 Ke8 46.b4 axb4 47.a5 bxa5 48.Bxc5 Kd7 49.Kd3 Kc6 50.Bxe7 Kd7
51.Bd6 Ke8 52.c5 Bf8 53.c6 Bxd6 54.exd6 b3 55.Ke2  1/2-1/2

[Event "11th Master Open"]
[Site "Voronezh RUS"]
[Date "2007.06.21"]
[Round "9"]
[White "Ivanov,AA"]
[Black "Khismatullin,D"]
[Result "1/2-1/2"]
[WhiteElo "2311"]
[BlackElo "2570"]

1.e4 c5 2.Nf3 Nc6 3.Bb5 g6 4.O-O Bg7 5.Re1 e5 6.Nc3 Nge7 7.Nd5 O-O 8.a4 d6
9.Bc4 h6 10.d3 Kh7 11.c3 Be6 12.Nxe7 Qxe7 13.a5 Rab8 14.Nd2 Bd7 15.Nf1 Qd8
16.Bb5 a6 17.Ba4 Be6 18.Bxc6 bxc6 19.Ne3 d5 20.c4 f5 21.cxd5 cxd5 22.exd5 Bxd5
23.Nxd5 Qxd5 24.Qc2 Rfd8 25.Ra3 Rb5 26.h3 Qb7 27.Qc4 Rd5 28.Re2 Rb4 29.Qc2 Qb5
30.Kh2 Bf6 31.Be3 f4 32.Bc1 Rbd4 33.Bd2 Rxd3 34.Rxd3 Qxd3 35.Qxd3 Rxd3 36.Bc3 Rd5
37.g3 g5 38.Kg2 Rd3 39.f3 Rd5 40.h4 Kg6 41.hxg5 hxg5 42.gxf4 gxf4 43.Re1 Bh4
44.Rxe5 Rxe5 45.Bxe5 Kf5 46.Bc3 c4 47.Kf1 Bf6 48.Ke2 Ke6 49.Kd2 Bxc3+ 50.bxc3 Kd6
51.Kc2 Kc5 52.Kb2 Kb5 53.Ka2 Kxa5 54.Kb2 Kb6 55.Ka3 Kb5 56.Kb2 Kc5 57.Ka3 Kd5
58.Kb4 Ke5 59.Ka5 Kf5  1/2-1/2

[Event "King's Gambit A"]
[Site "Lipetsk RUS"]
[Date "2007.06.24"]
[Round "3"]
[White "Airapetian,G"]
[Black "Gladyszev,O"]
[Result "0-1"]
[WhiteElo "2336"]
[BlackElo "2485"]

1.e4 c5 2.Nf3 Nc6 3.Bb5 g6 4.Bxc6 dxc6 5.d3 Bg7 6.h3 Nf6 7.Nc3 O-O 8.Bf4 Nh5
9.Be3 Qd6 10.Qd2 e5 11.Bh6 a5 12.Bxg7 Kxg7 13.Ne2 b5 14.g4 Nf6 15.Qg5 Re8
16.Ng3 Kh8 17.O-O-O a4 18.Qe3 b4 19.g5 Nd7 20.h4 Nf8 21.Kb1 Bg4 22.h5 a3
23.b3 Ne6 24.hxg6 fxg6 25.Nh4 Bxd1 26.Nxg6+ Kg8 27.Nf5 Bxc2+ 28.Kxc2 Nd4+
29.Qxd4 Qxd4 30.Nxd4 hxg6 31.Nf3 Rf8 32.Nxe5 Rxf2+ 33.Kb1 Raf8 34.Nxg6 Rb2+
35.Kc1 Rff2 36.Ne7+ Kf7 37.Nf5 Rxa2 38.Rh7+ Kg8  0-1

[Event "King's Gambit A"]
[Site "Lipetsk RUS"]
[Date "2007.06.24"]
[Round "4"]
[White "Sjugirov,S"]
[Black "Chebotarev,O"]
[Result "1/2-1/2"]
[WhiteElo "2395"]
[BlackElo "2514"]

1.e4 c5 2.Nf3 Nc6 3.Bb5 g6 4.O-O Bg7 5.Re1 Nf6 6.e5 Nd5 7.Nc3 Nc7 8.Bxc6 dxc6
9.Ne4 b6 10.Nf6+ Kf8 11.Ne4 h6 12.d3 Ne6 13.Qe2 Qc7 14.Ng3 Bd7 15.Bd2 Rd8
16.a4 a5 17.Qe4 Bc8 18.Ne2 Qd7 19.Qe3 Kg8 20.Nf4 Qc7 21.Nxe6 Bxe6 22.Bc3 Bd5
23.Nd2 Qd7 24.Nf1 h5 25.f4 h4 26.h3 Rh5 27.Qf2 Qc8 28.Ne3 Be6 29.b3 Qc7 30.Qf3 Qc8
31.Rf1 Qc7 32.Rf2 Qc8 33.Raf1 Qd7 34.Qe2 Bf5 35.Nxf5 Qxf5 36.Qf3 Qc8 37.Qg4 e6
38.Re2 Bf8 39.Be1 Be7 40.Bf2 Kg7 41.Rd1 Rhh8 42.Red2 Rd5 43.Kh2 Rd7 44.Qe2 Rhd8
45.Qe1 Rh8 46.Kg1 Rd5 47.Qe2 Rhd8 48.Qe4  1/2-1/2

[Event "CIQ"]
[Site "Quebec CAN"]
[Date "2007.06.24"]
[Round "4"]
[White "Voskanyan,V"]
[Black "Audet Bouchard,N"]
[Result "1/2-1/2"]
[WhiteElo "2275"]
[BlackElo "2204"]

1.e4 c5 2.Nf3 Nc6 3.Bb5 e6 4.O-O Nge7 5.c3 a6 6.Ba4 b5 7.Bc2 c4 8.d4 cxd3
9.Bxd3 Bb7 10.Bg5 f6 11.Be3 Ng6 12.a4 b4 13.Nbd2 bxc3 14.bxc3 Nce5 15.Nxe5 Nxe5
16.Be2 Qc7 17.Rb1 Be7 18.f4 Nf7 19.Qb3 Bc6 20.c4 O-O 21.c5 Rfb8 22.Qc2 g6
23.Bc4 f5 24.Rxb8+ Rxb8 25.Bxa6 Qa7 26.Bb5 Bxb5 27.axb5 Rxb5 28.Rc1 Qb7 29.exf5 exf5
30.Qc3 Qd5 31.h3 Nd8 32.Kh2 Ne6 33.c6 dxc6 34.Qxc6 Qxc6 35.Rxc6 Kf7 36.Nc4 Rd5
37.Rb6 Bd8 38.Rb7+ Kg8 39.Rb8 Kf7 40.Kg1 Bc7 41.Rb7 Kg8 42.g3 h6 43.Kg2 g5
44.fxg5 hxg5  1/2-1/2

[Event "Narciso Yepes Mem"]
[Site "Lorca ESP"]
[Date "2007.06.25"]
[Round "2"]
[White "Fedorchuk,S"]
[Black "Vega Gutierrez,S"]
[Result "1-0"]
[WhiteElo "2603"]
[BlackElo "2335"]

1.e4 c5 2.Nf3 Nc6 3.Bb5 e6 4.O-O Nge7 5.c3 a6 6.Ba4 c4 7.Bc2 b5 8.b3 Ng6
9.bxc4 bxc4 10.Na3 Na5 11.Rb1 Bc5 12.d4 cxd3 13.Bxd3 Qc7 14.Qa4 Bb7 15.Nc4 Nxc4
16.Qxc4 d6 17.h4 h5 18.Qa4+ Bc6 19.Qc2 Ne5 20.Nxe5 dxe5 21.Qe2 a5 22.Bg5 f6
23.Be3 Bxe3 24.Qxe3 Bd7 25.Be2 Kf7 26.Rb6 g6 27.Rd1 Kg7 28.Rdd6 Ra7 29.Qd2 Bc8
30.Bb5 Rf8 31.a4 Kh7 32.c4 Qg7 33.c5 Qc7 34.Rbc6 Qe7 35.Bc4 Bd7 36.Ra6 Rfa8
37.c6 Bc8 38.Rb6 Kg7 39.Rb3 Rc7 40.Bb5 Raa7 41.Rbd3 f5 42.exf5 exf5 43.Rg3 Be6
44.Bc4 Bxc4 45.Rdxg6+ Kf8 46.Qh6+ Ke8 47.Rg8+  1-0

[Event "White Nights"]
[Site "St Petersburg RUS"]
[Date "2007.06.25"]
[Round "1"]
[White "Chehlov,A"]
[Black "Bazhenova,D"]
[Result "1-0"]
[WhiteElo "2208"]
[BlackElo "1894"]

1.e4 c5 2.Nf3 Nc6 3.Bb5 d6 4.c3 e5 5.h3 Nf6 6.d3 Be7 7.Nbd2 a6 8.Ba4 b5 9.Bb3 Bb7
10.Nf1 d5 11.Qe2 dxe4 12.dxe4 c4 13.Bc2 O-O 14.Ng3 Bc8 15.O-O Be6 16.Ng5 Qc7
17.Nf5 Bxf5 18.exf5 Nd5 19.Ne4 Nf6 20.g4 Nxe4 21.Bxe4 f6 22.h4 h6 23.g5 fxg5
24.hxg5 Bxg5 25.Bxg5 hxg5 26.Bd5+ Rf7 27.Qe4 Rc8 28.Rad1 Kf8 29.Bxf7 Qxf7
30.Rd5 Ne7 31.Rxe5 Rd8 32.Re1 Ng8 33.Qc6 Nf6 34.Qc5+ Kg8 35.Qe7 Qxe7 36.Rxe7 Rd2
37.R7e2 Rd5 38.Re6 Rxf5 39.Rxa6 Ng4 40.Re2 Ne5 41.Re6 Nd3 42.Re7 Rf4 43.Rb7 Rg4+
44.Kf1 Nf4 45.Re8+ Kh7 46.Ree7 Rh4 47.Rxg7+ Kh6 48.Rh7+  1-0

[Event "Masters"]
[Site "Grenoble FRA"]
[Date "2007.06.27"]
[Round "8"]
[White "Janev,E"]
[Black "Aguettaz,M"]
[Result "0-1"]
[WhiteElo "2476"]
[BlackElo "2329"]

1.e4 c5 2.Nf3 Nc6 3.Bb5 g6 4.O-O Bg7 5.Re1 e5 6.d3 Nge7 7.Nc3 O-O 8.Bc4 d6
9.Bg5 h6 10.Bxe7 Nxe7 11.Nd5 Kh7 12.Nxe7 Qxe7 13.Nd2 h5 14.c3 Bg4 15.Qc2 Bh6
16.Nf1 h4 17.h3 Bd7 18.Bd5 Rab8 19.b4 cxb4 20.cxb4 Rbc8 21.Qe2 b6 22.Ne3 Bxe3
23.Qxe3 Be6 24.Rac1 Bxd5 25.exd5 Qd7 26.Qe4 Qb5 27.Rc6 Rxc6 28.dxc6 Rc8 29.Rc1 Rc7
30.Qxh4+ Kg7 31.Qe4 f5 32.Qc4 Qxc4 33.Rxc4 b5 34.Rc3 Kf6 35.g4 fxg4 36.hxg4 Ke6
37.d4 exd4 38.Rc1 d3 39.f3 Kd5 40.Kf2 Rxc6 41.Rxc6 Kxc6 42.f4 Kd5 43.Ke3 d2
44.Kxd2 Ke4 45.f5 gxf5 46.g5 Ke5  0-1

[Event "Open"]
[Site "Pula CRO"]
[Date "2007.06.28"]
[Round "7"]
[White "Zugaj,F"]
[Black "Ekeberg,C"]
[Result "1/2-1/2"]
[WhiteElo "2212"]
[BlackElo "2365"]

1.e4 c5 2.Nf3 Nc6 3.Bb5 g6 4.O-O Bg7 5.c3 Nf6 6.Re1 O-O 7.e5 Nd5 8.d4 cxd4
9.cxd4 Nc7 10.Bxc6 dxc6 11.Nc3 Bf5 12.Be3 Nd5 13.Rc1 Qa5 14.Nxd5 Qxd5 15.Qa4 Be6
16.a3 Qd7 17.Nd2 Bd5 18.Qb4 Rfe8 19.h3 f6 20.Bf4 Qf5 21.Bg3 Bh6 22.Rcd1 Qc2
23.exf6 exf6 24.Nb1 b6 25.Nc3 Bd2 26.Rf1 Bxc3 27.bxc3 Re2 28.Rc1 Qe4 29.f3 Qe3+
30.Kh1 b5 31.Rce1 Rf8 32.Rxe2 Qxe2 33.Re1 Qc4 34.Bd6 Qxb4 35.axb4 Rd8 36.Bc5 Rd7
37.Ra1 Kf7 38.Kg1 g5 39.Kf2 Kg6 40.Bxa7 Re7 41.Bb6 Bc4 42.Re1 Rxe1 43.Kxe1 h5
44.g4  1/2-1/2

[Event "DS"]
[Site "Brno CZE"]
[Date "2007.06.29"]
[Round "1"]
[White "Kulovana,E"]
[Black "Pertlova,S"]
[Result "1-0"]
[WhiteElo "2267"]
[BlackElo "2171"]

1.e4 c5 2.Nf3 Nc6 3.Bb5 g6 4.O-O Bg7 5.c3 Nf6 6.Qa4 O-O 7.d4 cxd4 8.cxd4 a6
9.Re1 Rb8 10.Bd3 d6 11.h3 Nd7 12.Be3 b5 13.Qd1 Nb6 14.Nbd2 Bb7 15.Rc1 Rc8
16.b3 h6 17.Bf1 f5 18.d5 Nb4 19.Bxb6 Qxb6 20.Rxc8 Rxc8 21.exf5 Nxd5 22.Qe2 Bf6
23.Qe6+ Kg7 24.fxg6 Rf8 25.Ne4 Nf4 26.Qg4 Bxe4 27.Rxe4 Nxg6 28.Bd3 Qc7 29.Qxg6+  1-0

[Event "4th Open"]
[Site "Proville FRA"]
[Date "2007.06.29"]
[Round "1"]
[White "Degraeve,JM"]
[Black "Levers,T"]
[Result "1-0"]
[WhiteElo "2549"]
[BlackElo "1932"]

1.e4 c5 2.Nf3 Nc6 3.Bb5 Nf6 4.Nc3 e5 5.d3 d6 6.a3 Be7 7.Bc4 O-O 8.Nd2 Be6
9.Nd5 Nd7 10.Nf1 Bg5 11.Bxg5 Qxg5 12.Nfe3 Rac8 13.O-O g6 14.c3 Kg7 15.Ba2 Bxd5
16.Nxd5 f5 17.f4 Qh4 18.Qd2 Nf6 19.fxe5 dxe5 20.exf5 Nxd5 21.Bxd5 gxf5 22.Rae1 Qf6
23.Qe3 Rfd8 24.Bxc6 Rxc6 25.Qg3+ Kh8 26.Rxe5 f4 27.Qxf4  1-0

[Event "White Nights"]
[Site "St Petersburg RUS"]
[Date "2007.06.29"]
[Round "5"]
[White "Chehlov,A"]
[Black "Chernov,Vl3"]
[Result "1-0"]
[WhiteElo "2208"]
[BlackElo "2046"]

1.e4 c5 2.Nf3 Nc6 3.Bb5 d6 4.O-O Bd7 5.c3 Nf6 6.Re1 a6 7.Bf1 Bg4 8.h3 Bh5
9.d3 e6 10.Nbd2 Be7 11.Be2 Bg6 12.Nh4 Nd7 13.Nhf3 Nf6 14.Nf1 Qc7 15.Ng3 d5
16.Bf1 dxe4 17.dxe4 Rd8 18.Qa4 O-O 19.Nh4 Nd7 20.Nxg6 hxg6 21.Be2 Bd6 22.Nf1 Na5
23.Bg5 Rb8 24.Rad1 f6 25.Be3 b5 26.Qc2 Rbd8 27.b3 c4 28.b4 Nc6 29.a4 Bf4
30.Bg4 Kf7 31.a5 Bxe3 32.Nxe3 Nde5 33.Be2 Rxd1 34.Rxd1 Rd8 35.g3 Rxd1+ 36.Nxd1 Qd7
37.Nb2 Ne7 38.Kg2 f5 39.f4 N5c6 40.Nd1 fxe4 41.Qxe4 Qd5 42.Bf3 Qxe4 43.Bxe4 Nd5
44.Kf3 Nce7 45.g4 Kf6 46.h4 Kf7 47.Bxd5 exd5 48.Ne3 Ke6 49.Nc2 Nc6 50.Ke3 Kd6
51.Nd4 Ne7 52.Kf3 Ng8 53.f5 Ne7 54.Kf4 gxf5 55.gxf5 Ng8 56.Kg5 Ne7 57.f6 gxf6+
58.Kxf6 Ng8+ 59.Kg7 Ne7 60.h5 Ke5 61.h6 Nf5+ 62.Nxf5 Kxf5 63.h7  1-0

[Event "35th World Open"]
[Site "King of Prussia USA"]
[Date "2007.06.30"]
[Round "2"]
[White "Rohonyan,K"]
[Black "Friedman,J"]
[Result "1-0"]
[WhiteElo "2362"]
[BlackElo "2201"]

1.e4 c5 2.Nf3 Nc6 3.Bb5 e6 4.O-O Nge7 5.Re1 a6 6.Bf1 d5 7.exd5 Nxd5 8.d4 cxd4
9.Nxd4 Nxd4 10.Qxd4 Qa5 11.c3 Qc5 12.Qg4 Bd7 13.Nd2 Nf6 14.Qg3 Bc6 15.Nb3 Qh5
16.Nd4 Bd7 17.Be2 Qg6 18.Qc7 Be7 19.Qxb7 O-O 20.Bf3 Rad8 21.Qxa6 Bc8 22.Nc6 Bd6
23.Qa5 Rd7 24.Ne5 Qf5 25.Nc4 Qxa5 26.Nxa5 Ba6 27.Be3 Nd5 28.Bxd5 exd5 29.Bd4 h5
30.b4 h4 31.a4 f5 32.b5 Bc8 33.b6 f4 34.Rab1 Rdf7 35.Be5  1-0

[Event "White Nights"]
[Site "St Petersburg RUS"]
[Date "2007.06.30"]
[Round "6"]
[White "Ivkina,O"]
[Black "Bazhenova,D"]
[Result "1-0"]
[WhiteElo "2198"]
[BlackElo "1894"]

1.e4 c5 2.Nf3 Nc6 3.Bb5 d6 4.O-O Bd7 5.d4 cxd4 6.Nxd4 Nf6 7.Nc3 e6 8.f4 Be7
9.Bxc6 Bxc6 10.Nxc6 bxc6 11.Be3 O-O 12.Qf3 Nd7 13.Rad1 d5 14.Qg3 Kh8 15.Bd4 Bf6
16.e5 Bh4 17.Qg4 c5 18.Bf2 Bxf2+ 19.Rxf2 Rb8 20.b3 Qe7 21.Re1 c4 22.f5 Qb4
23.Qd4 cxb3 24.Qxb4 Rxb4 25.axb3 Rbb8 26.fxe6 fxe6 27.Rxf8+ Rxf8 28.Nb5 a6
29.Nd4 Re8 30.Ra1 Ra8 31.Nxe6 Nxe5 32.Ra5 Ng4 33.Rxd5 Ne3 34.Rc5 h6 35.h3 Re8
36.Nc7 Rc8 37.Kf2 Nd5 38.Nxa6 Ra8 39.Rxd5 Rxa6 40.c4 Kg8 41.Rd7 Rb6 42.Rd3 Kf7
43.Ke3 Ke6 44.Kd4 Rd6+ 45.Kc3 Rc6 46.b4  1-0

[Event "White Nights"]
[Site "St Petersburg RUS"]
[Date "2007.06.30"]
[Round "6"]
[White "Lushnikov,A"]
[Black "Kostyuchenko,V"]
[Result "1/2-1/2"]
[WhiteElo "2303"]
[BlackElo "2152"]

1.e4 c5 2.Nf3 Nc6 3.Bb5 Nf6 4.e5 Nd5 5.O-O g6 6.Re1 Bg7 7.c3 O-O 8.d4 cxd4
9.cxd4 d6 10.Nc3 dxe5 11.Bxc6 bxc6 12.Nxe5 Qc7 13.Qa4 Nb6 14.Qa3 Rd8 15.Bf4 Rxd4
16.Bg3 Qd6 17.Qxd6 Rxd6 18.Ne4 Bxe5 19.Bxe5 Rd5 20.f4 f6 21.Bc3 Bf5 22.Ng3 Kf7
23.a4 a5 24.Nf1 Rd3 25.Ne3 Be6 26.Kf2 Bb3 27.Ke2 Rd7 28.Ra3 Bxa4 29.Kf2 Bb5
30.Rxa5 Rad8 31.Rea1 Nd5 32.Nxd5 Rxd5 33.Ra7 R8d7 34.Rxd7 Rxd7 35.Re1  1/2-1/2

[Event "DS"]
[Site "Brno CZE"]
[Date "2007.07.01"]
[Round "3"]
[White "Kulovana,E"]
[Black "Andonov,B"]
[Result "1/2-1/2"]
[WhiteElo "2267"]
[BlackElo "2383"]

1.e4 c5 2.Nf3 Nc6 3.Bb5 Nf6 4.Bxc6 dxc6 5.d3 g6 6.O-O Bg7 7.e5 Nd5 8.h3 O-O
9.Re1 Be6 10.Nbd2 Nc7 11.Ne4 b6 12.Bf4 h6 13.Qd2 Kh7 14.Bh2 Bd5 15.Qe2 Ne6
16.c4 Bxe4 17.Qxe4 Qd7 18.Rad1 Rad8 19.b3 Rfe8 20.h4 Kg8 21.h5 g5 22.Bg3 Qc8
23.Qf5 Bh8 24.Kf1 Ng7 25.Qxc8 Rxc8 26.d4 cxd4 27.Rxd4 Rcd8 28.Red1 Rxd4 29.Rxd4 Nxh5
30.Bh2 c5 31.Rd7 g4 32.Nh4 e6 33.Rxa7 g3 34.Bxg3 Nxg3+ 35.fxg3 Bxe5 36.Kf2 Rd8
37.Nf3 Bc3 38.Rb7 Rd6 39.g4 e5 40.Nh4 e4 41.Nf5 Rd2+ 42.Ke3 Rxg2 43.Rxb6 Bd2+
44.Kxe4 Rxg4+ 45.Kd3 Rg2 46.Nxh6+ Bxh6 47.Rxh6 Rxa2 48.Ke4 Rg2 49.Kd5 Rg5+
50.Kc6 Rg3 51.Kxc5 Rxb3 52.Kc6 Kg7 53.Rh1 f5 54.c5 Kf6 55.Rc1 Rb8 56.Kd6 f4
57.c6 Rd8+ 58.Kc7 Rf8 59.Kd7 Ke5 60.Re1+ Kd4 61.c7 Ra8 62.Re8 Ra7 63.Kc6 Rxc7+  1/2-1/2

[Event "White Nights"]
[Site "St Petersburg RUS"]
[Date "2007.07.01"]
[Round "7"]
[White "Zacurdajev,D"]
[Black "Eidelson,R"]
[Result "1-0"]
[WhiteElo "2266"]
[BlackElo "2165"]

1.e4 c5 2.Nf3 Nc6 3.Bb5 e6 4.O-O Nge7 5.c3 a6 6.Ba4 b5 7.Bc2 Bb7 8.d4 cxd4
9.Nxd4 Nxd4 10.cxd4 d5 11.e5 Nf5 12.Nc3 Rc8 13.a3 g6 14.g4 Nxd4 15.Qxd4 Rc4
16.Qd1 h5 17.Re1 Rxg4+ 18.Kh1 Qe7 19.Qf3 Bg7 20.Bf4 g5 21.Bg3 Rc4 22.h4 g4
23.Qg2 d4 24.Be4 dxc3 25.Bxb7 c2 26.Rac1 O-O 27.f4 gxf3 28.Bxf3 Kh8 29.Qd2 f6
30.Be2 Rc5 31.Bd3 Rd8 32.Qe2 f5 33.Bf4 Rd4 34.Qxh5+ Kg8 35.Qf3 Qd8 36.Rg1 Qxh4+
37.Bh2 Rcd5 38.Bxc2 Rd2 39.Rg2 R5d4 40.Bb3 Qh6 41.Rcg1 Rg4 42.Rxd2 Qxd2 43.Bxe6+ Kh8
44.Qa8+  1-0

[Event "White Nights"]
[Site "St Petersburg RUS"]
[Date "2007.07.02"]
[Round "8"]
[White "Efremova,D"]
[Black "Mukhin,G"]
[Result "0-1"]
[WhiteElo "2015"]
[BlackElo "2325"]

1.e4 c5 2.Nf3 Nc6 3.Bb5 e6 4.Nc3 Nd4 5.Nxd4 cxd4 6.Ne2 Qg5 7.Bc4 Qxg2 8.Ng3 Qh3
9.d3 Nf6 10.Bd2 d5 11.Bb5+ Bd7 12.Bxd7+ Nxd7 13.Qf3 Ne5 14.Qe2 Qg4 15.Qxg4 Nxg4
16.exd5 exd5 17.O-O Kd7 18.Nf5 Bc5 19.b4 Bb6 20.Rfe1 Rhe8 21.Bf4 Re6 22.h3 Rae8
23.Rxe6 fxe6 24.Nd6 Rf8 25.Bg3 Nh6 26.a4 Nf5 27.Nxf5 Rxf5 28.Re1 Bd8 29.Bb8 Bh4
30.Re2 a6 31.b5 axb5 32.axb5 Rf8 33.Ba7 Bf6 34.Bc5 Ra8 35.c4 dxc3 36.d4 Ra4
37.Rc2 Rc4 38.Kg2 e5 39.dxe5 Bxe5  0-1

[Event "White Nights"]
[Site "St Petersburg RUS"]
[Date "2007.07.02"]
[Round "8"]
[White "Markevich,I"]
[Black "Bazeev,G"]
[Result "1-0"]
[WhiteElo "2022"]
[BlackElo "2179"]

1.e4 c5 2.Nf3 Nc6 3.Bb5 e6 4.O-O Nge7 5.c3 a6 6.Ba4 b5 7.Bc2 Bb7 8.d4 cxd4
9.cxd4 Nb4 10.Nc3 Nxc2 11.Qxc2 d5 12.e5 Nc6 13.Bg5 Be7 14.Bxe7 Qxe7 15.Qd3 O-O
16.Nd2 Nb4 17.Qb1 a5 18.Nb3 a4 19.Nc5 Na6 20.Nd3 Qd7 21.b4 Rab8 22.a3 f6
23.f4 Qc7 24.Rc1 Qb6 25.Nc5 fxe5 26.fxe5 Bc8 27.Ne2 Nxc5 28.Rxc5 Bd7 29.Qd3 Qd8
30.Qg3 Rf5 31.Rac1 Qe7 32.Rc7 Rbf8 33.h3 Qf7 34.R1c3 g6 35.Rf3 Rxf3 36.Qxf3 Qe7
37.Qe3 Rc8 38.Rxc8+ Bxc8 39.Qc3 Bb7 40.Nc1 Qg5 41.Ne2 Qe7 42.Qc5 Qd7 43.Nc1 Qd8
44.Qxb5 Qg5 45.Ne2 Qe3+ 46.Kf1 Qxa3 47.Qxb7 Qa1+ 48.Kf2 a3 49.Qc8+  1-0

[Event "Asian Youth BU18"]
[Site "Tashkent UZB"]
[Date "2007.07.02"]
[Round "5"]
[White "Toufighi,H"]
[Black "Temirov,B"]
[Result "1-0"]
[WhiteElo "2365"]
[BlackElo "2282"]

1.e4 c5 2.Nf3 Nc6 3.Bb5 e5 4.O-O Nge7 5.c3 g6 6.d4 cxd4 7.cxd4 exd4 8.Bf4 Bg7
9.Bd6 O-O 10.Nbd2 b6 11.Re1 Bb7 12.Qb3 Na5 13.Qa3 Re8 14.Rac1 Bc6 15.Ba6 Nc8
16.Bg3 Bb7 17.Bxb7 Nxb7 18.Nb3 Bf8 19.Qa4 Nc5 20.Qxd4 Nxb3 21.axb3 b5 22.Bc7 Qe7
23.e5 Nb6 24.Bd6 Qe6 25.Bxf8 Rxf8 26.Ng5 Qf5 27.Qh4 h5 28.Ne4 Rac8 29.Rcd1 Rc2
30.h3 Rfc8 31.Nd6  1-0

[Event "DS"]
[Site "Brno CZE"]
[Date "2007.07.03"]
[Round "5"]
[White "Kulovana,E"]
[Black "Roubalik,J"]
[Result "1/2-1/2"]
[WhiteElo "2267"]
[BlackElo "2122"]

1.e4 c5 2.Nf3 Nc6 3.Bb5 d6 4.Bxc6+ bxc6 5.O-O Bg4 6.h3 Bh5 7.e5 d5 8.d3 e6
9.Re1 Bxf3 10.Qxf3 Ne7 11.Nd2 Nf5 12.c3 Be7 13.Nf1 O-O 14.Qe2 Kh8 15.Nh2 Bg5
16.a4 Bxc1 17.Raxc1 Nh4 18.Qe3 Qe7 19.f4  1/2-1/2

[Event "Open A"]
[Site "Kowalewo Pomorskie POL "]
[Date "2007.07.04"]
[Round "2"]
[White "Czech,M"]
[Black "Bartosik,P2"]
[Result "1-0"]
[WhiteElo "1971"]
[BlackElo "2024"]

1.e4 c5 2.Nf3 Nc6 3.Bb5 g6 4.O-O Bg7 5.c3 a6 6.Be2 d5 7.d3 e5 8.Nbd2 Nge7
9.Re1 O-O 10.Qc2 f5 11.Bf1 Kh8 12.exd5 Nxd5 13.Nc4 Qc7 14.Ne3 Nde7 15.b3 f4
16.Nc4 b5 17.Ncd2 g5 18.Ne4 Nd8 19.Bb2 Ne6 20.Rac1 Nf5 21.Qe2  1-0

[Event "Open A"]
[Site "Kowalewo Pomorskie POL "]
[Date "2007.07.04"]
[Round "2"]
[White "Olszewski,Ma"]
[Black "Grajczak,A"]
[Result "1-0"]
[WhiteElo "2073"]
[BlackElo "2000"]

1.e4 c5 2.Nf3 Nc6 3.Bb5 g6 4.Bxc6 dxc6 5.h3 Bg7 6.d3 b6 7.Nc3 Nh6 8.O-O O-O
9.a4 f6 10.a5 Rb8 11.Nh2 e5 12.f4 f5 13.fxe5 Nf7 14.Nf3 Nxe5 15.Bf4 b5 16.Kh1 Re8
17.Qd2 Rb7 18.Nxe5 Bxe5 19.Bxe5 Rxe5 20.Qf4 Qe8 21.exf5 gxf5 22.Rf3 Rg7 23.Kh2 Rg6
24.Raf1 c4 25.dxc4 b4 26.Nd1 Re4 27.Qb8 Qe5+ 28.Qxe5 Rxe5 29.Re3 Rge6 30.Rfe1 Re4
31.Rxe4 fxe4 32.Nf2 e3 33.Nd3 b3 34.cxb3 Re7 35.g4 h5 36.gxh5 Bf5 37.Nf4 Bc2
38.Ng2 e2 39.Nf4 Bd1 40.Kg2 Kh7 41.Kf2 Rf7 42.Ke3  1-0

[Event "DS"]
[Site "Brno CZE"]
[Date "2007.07.05"]
[Round "8"]
[White "Kulovana,E"]
[Black "Vymazal,B"]
[Result "1/2-1/2"]
[WhiteElo "2267"]
[BlackElo "2284"]

1.e4 c5 2.Nf3 Nc6 3.Bb5 g6 4.O-O Bg7 5.c3 Nf6 6.Qa4 O-O 7.d4 cxd4 8.cxd4 d5
9.e5 Nd7 10.Bxc6 Nb6 11.Qa5 bxc6 12.b3 Bg4 13.Nbd2 Nd7 14.Qxd8 Rfxd8 15.Ba3 Kf8
16.Rac1 Rdc8 17.Rc3 Bh6 18.h3 Bxf3 19.Nxf3 a5 20.Bc5 Ke8  1/2-1/2

[Event "DS"]
[Site "Brno CZE"]
[Date "2007.07.06"]
[Round "9"]
[White "Vyskocil,N"]
[Black "Roubalik,J"]
[Result "0-1"]
[WhiteElo "2349"]
[BlackElo "2122"]

1.e4 c5 2.Nf3 Nc6 3.Bb5 d6 4.Bxc6+ bxc6 5.O-O e5 6.c3 Bg4 7.h3 Bh5 8.Re1 Be7
9.d3 Nf6 10.Nbd2 O-O 11.Nf1 Qc7 12.Ng3 Bg6 13.Nh4 d5 14.c4 Rfd8 15.exd5 cxd5
16.Qe2 Nd7 17.Nhf5 Bf8 18.h4 f6 19.Qg4 Kh8 20.h5 Bf7 21.Nh4 dxc4 22.dxc4 Nb6
23.b3 Rd4 24.Ne4 Qc6 25.f3 Qe8 26.h6 g5 27.Nf5 Be6 28.Bxg5 fxg5 29.Qxg5 Bxf5
30.Qf6+ Kg8 31.Qxf5 Qg6 32.Qxg6+ hxg6 33.Nf6+ Kf7 34.Ng4 Nd7 35.Nxe5+ Nxe5
36.Rxe5 Bxh6 37.Rxc5 Be3+ 38.Kf1 Rd2 39.Rc7+ Kf6 40.Rc6+ Kg5 41.g3 Rh8  0-1

[Event "South African Open"]
[Site "Cape Town RSA"]
[Date "2007.07.06"]
[Round "11"]
[White "Willenberg,C"]
[Black "Van Rensburg,R"]
[Result "0-1"]
[WhiteElo "2092"]
[BlackElo "1946"]

1.e4 c5 2.Nf3 Nc6 3.Bb5 Na5 4.O-O a6 5.Be2 e6 6.c3 d5 7.exd5 exd5 8.d4 cxd4
9.Nxd4 Nf6 10.Bd3 Be7 11.Re1 O-O 12.Bg5 Qc7 13.Bxf6 Bxf6 14.Qh5 g6 15.Qxd5 Rd8
16.Qe4 Bxd4 17.cxd4 Bf5 18.Qf3 Bxd3 19.Qxd3 Nc6 20.Nc3 Rxd4 21.Qf3 f5 22.Re2 Rad8
23.Rae1 R8d7 24.Re8+ Kg7 25.g3 Qd6 26.h4 Rd3 27.Qe2 Qd4 28.Kg2 Rd2 29.Qf3 Rxb2
30.h5 Rd2 31.h6+ Kxh6 32.Rg8 Ne5 33.Qf4+ Qxf4 34.gxf4 Rxf2+ 35.Kxf2 Nd3+
36.Kf1 Nxe1 37.Kxe1 Rd4 38.Rb8 b5 39.Rb6 Rxf4 40.Rxa6 b4 41.Nd5 Re4+ 42.Kf1 Rd4
43.Ra5 Kg5 44.Rb5 h5 45.Nxb4 h4 46.a4 Rg4 47.a5 h3 48.Nd3 h2 49.Nf2 Rf4 50.Kg2 Rxf2+
51.Kh1 Ra2  0-1

[Event "South African Open"]
[Site "Cape Town RSA"]
[Date "2007.07.06"]
[Round "11"]
[White "Rubery,M"]
[Black "Mabusela,J"]
[Result "0-1"]
[WhiteElo "2250"]
[BlackElo "2277"]

1.e4 c5 2.Nf3 Nc6 3.Bb5 g6 4.O-O Bg7 5.c3 Nf6 6.Re1 O-O 7.d4 Qb6 8.Na3 cxd4
9.cxd4 d5 10.e5 Nd7 11.Bg5 f6 12.exf6 Nxf6 13.Bxc6 bxc6 14.Rxe7 Ne4 15.Be3 Bf6  0-1

[Event "Open A"]
[Site "Kowalewo Pomorskie POL "]
[Date "2007.07.06"]
[Round "4"]
[White "Olszewski,Ma"]
[Black "Ejsmont,K"]
[Result "0-1"]
[WhiteElo "2073"]
[BlackElo "2367"]

1.e4 c5 2.Nf3 Nc6 3.Bb5 d6 4.d4 cxd4 5.Qxd4 Bd7 6.Bxc6 Bxc6 7.Nc3 Nf6 8.Bg5 e6
9.O-O-O Be7 10.Rhe1 O-O 11.Qd2 Qa5 12.Kb1 Qb6 13.Nd4 Rfd8 14.f3 Be8 15.g4 Rac8
16.h4 a5 17.Nce2 a4 18.c3 a3 19.b3 Qc7 20.c4 b5 21.cxb5 Qb7 22.Rc1 Bxb5 23.Nxb5 Qxb5
24.Nd4 Qb7 25.Qd3 Rc5 26.Ne2 h6 27.Be3 Rxc1+ 28.Rxc1 Nd7 29.Bf2 d5 30.exd5 Nf6
31.Qc4 Nxd5 32.g5 hxg5 33.hxg5 Bxg5 34.f4 Bf6 35.Bd4 Bxd4 36.Nxd4 Ne3 37.Qc6 Qxc6
38.Nxc6 Rd2  0-1

[Event "Ikaros Festival"]
[Site "Agios Kirykos GRE"]
[Date "2007.07.07"]
[Round "1"]
[White "Zakarian,D"]
[Black "Iatros,A"]
[Result "1-0"]
[WhiteElo "2344"]
[BlackElo "1940"]

1.e4 c5 2.Nf3 Nc6 3.Bb5 g6 4.O-O Bg7 5.c3 Nf6 6.d4 d5 7.Ne5 Bd7 8.Nxd7 Qxd7
9.exd5 Qxd5 10.dxc5 O-O 11.Qxd5 Nxd5 12.Nd2 Rad8 13.Nc4 Nb8 14.Na5 Nxc3 15.bxc3 Bxc3
16.Nxb7 Bxa1 17.Nxd8 Rxd8 18.Bf4 e5 19.Bg5 f6 20.Bxf6 Rf8 21.Be7 Rf7 22.Bd6 Rb7
23.Bc4+  1-0

[Event "ch-IRL"]
[Site "Dublin IRL"]
[Date "2007.07.07"]
[Round "8"]
[White "Rozentalis,E"]
[Black "Glienke,M"]
[Result "1/2-1/2"]
[WhiteElo "2578"]
[BlackElo "2312"]

1.e4 c5 2.Nf3 Nc6 3.Bb5 g6 4.O-O Bg7 5.Re1 e5 6.c3 Nge7 7.a3 O-O 8.b4 d6
9.d3 h6 10.Nbd2 Be6 11.Bb2 Rc8 12.Bc4 b6 13.Qb3 d5 14.exd5 Nxd5 15.Rad1 cxb4
16.axb4 Re8 17.Bxd5 Bxd5 18.c4 Bxf3 19.Nxf3 a5 20.bxa5 bxa5 21.Qa4 Qc7 22.Bc3 Red8
23.Qb5 Re8 24.Nd2 Rb8 25.Qa4 Red8 26.Nb3 Ra8 27.h3 Bf8 28.Nc1 Bb4 29.Na2 Rab8
30.Nxb4 axb4 31.Bb2 g5 32.Qa6 Ra8 33.Bxe5 Nxe5 34.Qxh6 Ng6 35.Qxg5 Qf4 36.Qc5 Ra2
37.g3 Qd4 38.Qxd4 Rxd4 39.Rb1 Rxd3 40.Rxb4 Rdd2 41.Rf1 Rac2 42.Rbb1 Rxc4
43.Rfc1 Rxc1+ 44.Rxc1 Kg7 45.Re1 Kf6 46.Kf1 Ne5 47.Re2 Rd1+ 48.Kg2 Rd3 49.Kf1 Rd1+
50.Kg2 Rd3  1/2-1/2

[Event "Open A"]
[Site "Kowalewo Pomorskie POL "]
[Date "2007.07.07"]
[Round "5"]
[White "Ejsmont,K"]
[Black "Smirnov,Alek"]
[Result "1-0"]
[WhiteElo "2367"]
[BlackElo "2247"]

1.e4 c5 2.Nf3 Nc6 3.Bb5 g6 4.O-O Bg7 5.c3 Nf6 6.Qe2 Qb6 7.Na3 O-O 8.d3 d6
9.e5 Nxe5 10.Nxe5 dxe5 11.Qxe5 a6 12.Bc4 Bf5 13.Qg3 Rad8 14.Re1 Qc6 15.Rxe7 b5
16.Bb3 Rxd3 17.Qc7 Qxc7 18.Rxc7 b4 19.cxb4 cxb4 20.Nc4 Nd5 21.Ra7 Be6 22.Rxa6 Nc7
23.Rc6 Nb5 24.Be3 Nd4 25.Bxd4 Bxd4 26.Rf1 Rb8 27.Rxe6 Rxb3 28.Rd6 Rd3 29.Rb1 Rc8
30.Kf1 Rxc4 31.Ke2 Rh3 32.gxh3 Be5 33.Rd5 Bxh2 34.Rbd1 Bf4 35.R1d4 Rc2+ 36.Kf3 Bc1
37.Rxb4 Bxb2 38.a4 h5 39.a5 Ba3 40.Rbb5 Be7 41.a6 Bh4 42.a7 Rxf2+ 43.Ke4  1-0